000 00221nam a2200085Ia 4500
008 120527s9999 xx 000 0 und d
100 _aAKIHIKO, M.
245 _aShrinking-population Economics Lessons from Japan
942 _cBK
999 _c25817
_d25817